000 01076cam a2200289 i 4500
001 bg
003 BPK
005 20191220092335.0
008 980702s1995 pl f f |000 0 pol
015 _aPB 1996/2764
020 _a8385428135
040 _aWA N
_cBPK
080 _a336:519.86
080 _a(075.8)
100 1 _aSobczyk, Mieczysław
_d(1945- )
_eAutor
245 1 0 _aMatematyka finansowa :
_bpodstawy teoretyczne, przykłady, zadania /
_cMieczysław Sobczyk.
260 _aWarszawa :
_b"Placet",
_c1995.
300 _a358 s. ;
_c24 cm.
490 1 _aBiblioteka Biznesmena.
500 _aU dołu okł. : Wartość pieniądza w czasie, kredyty, odsetki, projekty inwestycyjne, papiery wartościowe : 155 rozwiązanych przykładów, 240 zadań do rozwiązania.
504 _aBibliogr. s. 355-358.
655 4 _aPodręczniki akademickie
650 4 _aMatematyka finansowa
830 0 _aBiblioteka Biznesmena
856 4 1 _uhttp://koha.tu.koszalin.pl/cgi-bin/koha/opac-detail.pl?biblionumber=25117
_yKatalog online BPK
942 _2UKD
_cKS
999 _c25117
_d25117